Normal view
MARC view
- Melcher P. Fobes
Entry Personal Name
001 - CONTROL NUMBER
- control field: 103090
003 - CONTROL NUMBER IDENTIFIER
- control field: NUST
005 - DATE AND TIME OF LATEST TRANSACTION
- control field: 20221118151625.0
008 - FIXED-LENGTH DATA ELEMENTS
- fixed length control field: 221118|| aca||aabn | a|a d
040 ## - CATALOGING SOURCE
- Original cataloging agency: NUST
- Transcribing agency: NUST
100 ## - HEADING--PERSONAL NAME
- Personal name: Melcher P. Fobes
670 ## - SOURCE DATA FOUND
- Source citation: Work cat.: (NUST)180708: Fobes, Melcher P. 103089, Elementary functions: backdrop for the calculus /, 1973
